Kucha rekhāyeṃ, kucha citra. (Record no. 83527)

MARC details
000 -LEADER
fixed length control field 00594cam a22002291 4500
001 - CONTROL NUMBER
control field sa 68010768
003 - CONTROL NUMBER IDENTIFIER
control field DLC
005 - DATE AND TIME OF LATEST TRANSACTION
control field 20260227112555.0
008 - FIXED-LENGTH DATA ELEMENTS--GENERAL INFORMATION
fixed length control field 900212s1967 ii 000 0 hino
010 ## - LIBRARY OF CONGRESS CONTROL NUMBER
LC control number sa 68010768
035 ## - SYSTEM CONTROL NUMBER
System control number (OCoLC)21052412
040 ## - CATALOGING SOURCE
Original cataloging agency DLC
Transcribing agency WaU
Modifying agency DLC
042 ## - AUTHENTICATION CODE
Authentication code premarc
043 ## - GEOGRAPHIC AREA CODE
Geographic area code a-ii---
050 00 - LIBRARY OF CONGRESS CALL NUMBER
Classification number DS421.5
Item number .G67
100 1# - MAIN ENTRY--PERSONAL NAME
Personal name Goyal, Kuntal,
Dates associated with a name 1935-
245 10 - TITLE STATEMENT
Title Kucha rekhāyeṃ, kucha citra.
260 ## - PUBLICATION, DISTRIBUTION, ETC.
Date of publication, distribution, etc. 1967.
300 ## - PHYSICAL DESCRIPTION
Extent 131 p.
Dimensions 18 cm.
500 ## - GENERAL NOTE
General note In Hindi.
651 #0 - SUBJECT ADDED ENTRY--GEOGRAPHIC NAME
Geographic name India
General subdivision Social life and customs
-- Anecdotes, facetiae, satire, etc.

No items available.

Powered by Koha